Líbranos del bien /

保存先:
書誌詳細
第一著者: Sánchez Baute, Alonso (autor)
フォーマット: 図書
言語:スペイン語
出版事項: Bogotá, Colombia : Seix Barral, 2023, c2023
シリーズ:(Biblioteca Breve) [s.n.]
主題:
タグ: タグ追加
タグなし, このレコードへの初めてのタグを付けませんか!

MARC

LEADER 00000nam^a2200000^a^4500
001 000578805
005 20250521000000.0
009 20260310132516.173
020 |a 978-628-7582-59-0 
037 |a Acervo ITESO - Biblioteca 
041 |a ESP 
082 |a 863.  |b SAN 
100 |a Sánchez Baute, Alonso  |e (autor) 
245 1 0 |a Líbranos del bien /  |c A. Sánchez Baute. 
264 4 |a Bogotá, Colombia :  |b Seix Barral,  |c 2023, c2023 
300 |a 395 p. 
336 |a texto  |b txt  |2 rdacontenido 
337 |a sin mediación  |b n  |2 rdamedio 
338 |a volumen  |b nc  |2 rdasoporte 
440 1 |a (Biblioteca Breve) [s.n.] 
521 |a FIL 2023 DIA 
649 |a XX 
650 |a Revolucionarios en la Literatura 
650 |a Militares en la Literatura 
650 |a Autodefensas Unidas de Colombia 
650 |a FARC 
650 |a Novela Colombiana 
650 |a Literatura Colombiana -  |y Siglo XXI 
650 |a Violencia en la Literatura 
650 |a Terrorismo en la Literatura 
650 |a Guerrilla en la Literatura 
650 |a Guerrilla -  |z Colombia -  |x Historia 
650 |a Política -  |z Colombia -  |x Historia 
910 |a Fondo General 
920 |a Impresos - Libros 
930 |a Colección General 
940 |a Literatura 
905 |a 101 
901 |a 0500403055  |b IT1  |c LIT  |i C184078  |u 20250521 
902 |a https://opac.biblio.iteso.mx/vufind/Record/000578805